| 000 | 00502nam a2200205Ia 4500 | ||
|---|---|---|---|
| 005 | 20240412140626.0 | ||
| 008 | 131103s9999 xx 000 0 und d | ||
| 040 | _aLoreto College | ||
| 041 | _aEnglish | ||
| 082 |
_a370.1 _bMIT |
||
| 100 | _aMitra,J P | ||
| 245 |
_aIntroduction to Philosophy of Education _cJ P. MItra |
||
| 250 | _a2nd ed. | ||
| 260 |
_aCalcutta _bAcademic _c1982 |
||
| 300 | _a298p. | ||
| 504 | _aInludes index | ||
| 650 | _aEducation | ||
| 850 | _aLCBED | ||
| 942 | _cBK | ||
| 999 |
_c26598 _d77077 |
||